Sciences : Questions à difficulté variée - Statistiques

Statistiques générales
  • Ce quiz a été pris 1 957 fois
  • Le résultat moyen est 5 sur 10
Statistiques - réponses
Question Réponse(s) % Correct
Quelle forêt abrite près de 10% de la faune mondiale ? Amazonie
96%
Sur quel continent sont apparus les premiers hommes ? Afrique
85%
Quel élément chimique est désigné par les lettres "Zn" ? Zinc
83%
Quelle ère géologique se situe entre le Trias et le Crétacé ? Le Jurassique
50%
Quel mammifère est le seul à pondre des œufs ? Ornithorynque
49%
Adjectif commençant par T et qualifiant les 4 premières planètes en partant du Soleil. Tellurique
49%
Mammifère vivant sur la banquise et pouvant peser plus de 2 500 kg. Morse
43%
Par quel procédé rend t-on l'eau sans danger à la consommation humaine ? La.... Filtration
33%
Quel pays est «divisé» entre la plaque américaine et eurasienne ? Islande
25%
Quels sont les deux types de volcans ? (.....et......) Explosifs et Effusifs
7%
Aucun quiz correspondant
Distribution des résultats
% des personnes avec chaque résultat
Percentile par nombre de réponses
Votre historique - résultats
Vous n’avez pas pris ce quiz